| 000 | 00552nam a2200181 a 4500 | ||
|---|---|---|---|
| 001 | 000026063 | ||
| 003 | OSt | ||
| 005 | 20240305082410.0 | ||
| 008 | 100914s1953 dr 000 0 spa d | ||
| 040 |
_aDO-SdBNP _bspa _cBNPHU |
||
| 082 | _bO83i | ||
| 100 | 1 |
_aOsorio Lizarazo, J. A., _q (José Antonio) _d1900-1964 _922545 |
|
| 245 | 1 | 3 |
_aLa isla iluminada / _cJ. A. Osorio Lizarazo. |
| 260 |
_aCiudad Trujillo, República Dominicana : _bEditora el Caribe, _c1953. |
||
| 300 |
_a362 p. ; _c23 cm. |
||
| 590 | _aInventariado, 2020 /LP | ||
| 942 |
_2ddc _cLBS1 |
||
| 999 |
_c25555 _d25555 |
||